| 000 | 00641nam a22002295i 4500 | ||
|---|---|---|---|
| 001 | 16042 | ||
| 003 | ES-MaACL | ||
| 005 | 20260426162624.0 | ||
| 007 | t| | ||
| 008 | 000619s1999 sp ||||0| spa j | ||
| 020 | _a84-7639-149-8 | ||
| 040 |
_aM-BN _bspa _cM-BN |
||
| 080 | _a830-32"19" | ||
| 100 | 1 |
_aRilke, Rainer Maria, _d1875-1926 _997230 |
|
| 245 | 1 | 0 |
_aRelatos de Praga / _cRainer Maria Rilke ; traducción de Lina Anguera. |
| 260 |
_aBarcelona : _bMontesinos, _c[1999] |
||
| 300 |
_a118 p. ; _c20 cm. |
||
| 700 | 1 |
_aAnguera, Lina. _921760 |
|
| 852 |
_aES-MaACL _jL-23325 _bR.128524 |
||
| 999 |
_c16042 _d16042 |
||